00522nam a2200109Ia 4500008004100000050002400041100002800065245019800093260008600291300002000377521001500397140724s9999 xx 000 0 und d aBF 77 b.Sa237 2011 aSantos, Nicole Marie A. aDimensions of collaborative learning :ba descriptive study on it's positive educational implications as perceived by 1st year Psychologyology Students A.Y. 2010-2011 /cNicole Marie A. Santos. aLas Piñas, Philippines :bSouthville International School and Colleges,cc2011. a58 p. :c28 cm. aPsychology